DATA SCIENCE THEORY ANALYSIS AND APPLICATIONS / (Record no. 589648)
[ view plain ]
| 000 -LEADER | |
|---|---|
| fixed length control field | 00350nam a22001337a 4500 |
| 020 ## - INTERNATIONAL STANDARD BOOK NUMBER | |
| Qualifying information | HB. |
| 040 ## - CATALOGING SOURCE | |
| Transcribing agency | FIZZA ISHAQ |
| 082 ## - DEWEY DECIMAL CLASSIFICATION NUMBER | |
| Classification number | 006.312 |
| Author Mark | QUR |
| 100 ## - MAIN ENTRY--PERSONAL NAME | |
| Personal name | MEMON,A.QURBAN. |
| 9 (RLIN) | 91523 |
| 245 ## - TITLE STATEMENT | |
| Title | DATA SCIENCE THEORY ANALYSIS AND APPLICATIONS / |
| Statement of responsibility, etc. | QURBAN A. MEMON. |
| 260 ## - PUBLICATION, DISTRIBUTION, ETC. | |
| Place of publication, distribution, etc. | NEW YORK ; |
| Name of publisher, distributor, etc. | CRC PRESS, |
| Date of publication, distribution, etc. | 2020. |
| 300 ## - PHYSICAL DESCRIPTION | |
| Extent | 325 P. ; |
| 942 ## - ADDED ENTRY ELEMENTS (KOHA) | |
| Source of classification or shelving scheme | |
| Koha item type | Book |
| Withdrawn status | Lost status | Source of classification or shelving scheme | Damaged status | Not for loan | Permanent Location | Current Location | Date acquired | Total Checkouts | Full call number | Barcode | Date last seen | Price effective from | Koha item type |
|---|---|---|---|---|---|---|---|---|---|---|---|---|---|
| NUST Baluchistan Campus (NBC) | NUST Baluchistan Campus (NBC) | 05/12/2022 | 006.312 QUR | Q-4068 | 05/12/2022 | 05/12/2022 | Book |
